00497nam a2200145Ia 4500008004100000041000800041082001700049100001500066245004500081260003600126300003100162365001100193999001700204952013000221240624s9999 xx 000 0 und d aeng a658.4092 LAK aLAKSHMAN C aKNOWLEDGE LEADERSHIP TOOLS FOR EXECUTIVE c2008aNew DelhibResponse Books axii, : 215 : p. : cm. ; 21 cRSb30 c14470d14470 00104070aIMTNbIMTNcRack 29-Bd2010-02-17eBWEg295.00n8248o658.4092 LAKp14470r2024-06-24 00:00:00t1w2024-06-24yBK